In The Name Of Love Lyrics - Statistics

General Stats
  • This quiz has been taken 408 times
  • The average score is 242 of 291
Answer Stats
Answer % Correct
I
100%
love.
98%
love?
98%
love,
98%
Love.
98%
the
98%
in?
97%
in
97%
In
97%
name
97%
name,
97%
name.
97%
of
97%
of,
97%
you
92%
You
92%
me
85%
to
85%
it
83%
all
81%
Would
79%
your
77%
If
76%
told
76%
do
74%
Do
74%
gonna
73%
let
73%
when
73%
When
73%
and
71%
And
71%
that
70%
hurt
69%
night
69%
was
68%
burn
67%
only
67%
darkness,
65%
middle
65%
this
65%
no
64%
you're
64%
fire's
63%
one
63%
there's
63%
it's
62%
by
61%
call
61%
even
61%
warned
61%
side
60%
walk
59%
blind?
58%
silence,
58%
first?
57%
we
55%
hold
54%
lead
54%
life
54%
light
54%
back
53%
bring
53%
wanna
52%
will
52%
fall
50%
Scream
50%
testify
50%
holy
49%
sadness
46%
trust
45%
could
44%
bed
42%
broken
42%
up,
42%
head
41%
leaves
40%
madness,
40%
poison
40%
sky?
40%
come
39%
from
38%
rise
38%
meet
36%
despair
35%
depths
31%
jumping
31%
lights
31%
heights?
29%
bathe
28%
No matching quizzes found
Score Distribution
Percent of People with Each Score
Percentile by Number Answered
Your Score History
You have not taken this quiz